Servicio social / (Record no. 122008)

MARC details
000 -LEADER
campo de control de longitud fija 00827nam a2200241 i 4500
001 - NÚMERO DE CONTROL
campo de control 122008
003 - IDENTIFICADOR DE NÚMERO DE CONTROL
campo de control ES-MaACL
005 - FECHA Y HORA DE LA ÚLTIMA TRANSACCIÓN
campo de control 20230907141812.0
007 - CAMPO FIJO DE DESCRIPCIÓN FÍSICA--INFORMACIÓN GENERAL
campo de control de longitud fija t|
008 - DATOS DE LONGITUD FIJA--INFORMACIÓN GENERAL
campo de control de longitud fija 070214q1932 sp |||| | spa d
100 1# - ENTRADA PRINCIPAL--NOMBRE DE PERSONA
Nombre de persona Post, Luis F.
9 (RLIN) 168362
245 10 - MENCIÓN DEL TÍTULO
Título Servicio social /
Mención de responsabilidad, etc. Luis F. Post ; traducción directa del inglés por Manuel Vallvé ; prólogo de Baldomero Argente.
260 ## - PUBLICACIÓN, DISTRIBUCIÓN, ETC.
Lugar de publicación, distribución, etc. Barcelona :
Nombre del editor, distribuidor, etc. El Consultor Bibliográfico,
Fecha de publicación, distribución, etc. [1932?]
300 ## - DESCRIPCIÓN FÍSICA
Extensión 2 v. ;
Dimensiones 18 cm.
490 1# - MENCIÓN DE SERIE
Mención de serie Biblioteca georgista ;
Designación de volumen o secuencia 17-18
650 ## - PUNTO DE ACCESO ADICIONAL DE MATERIA--TÉRMINO DE MATERIA
Término de materia o nombre geográfico como elemento de entrada Asistencia social.
9 (RLIN) 10377
650 04 - PUNTO DE ACCESO ADICIONAL DE MATERIA--TÉRMINO DE MATERIA
Término de materia o nombre geográfico como elemento de entrada Servicios sociales.
9 (RLIN) 17068
700 1# - ENTRADA AGREGADA--NOMBRE PERSONAL
Nombre de persona Vallvé, Manuel.
9 (RLIN) 112961
700 1# - ENTRADA AGREGADA--NOMBRE PERSONAL
Nombre de persona Argente, Baldomero,
Fechas asociadas al nombre 1877-1965
9 (RLIN) 22691
830 0# - PUNTO DE ACCESO ADICIONAL DE SERIE-TÍTULO UNIFORME
Título uniforme Biblioteca georgista ;
Designación de volumen o secuencia 17-18
9 (RLIN) 186550
852 ## - LOCALIZACIÓN
Ubicación ES-MaACL
Número de control de estantería A-1138-39
Holdings
Estatus retirado Estado de pérdida Estado de daño No para préstamo Biblioteca de origen Biblioteca actual Ubicación en estantería Fecha de adquisición Fuente de adquisición Total de préstamos Signatura topográfica completa Código de barras Visto por última vez Precio de reemplazo Tipo de ítem Koha
        Biblioteca del Ateneo de Madrid Biblioteca del Ateneo de Madrid Sala Pecera Planta 1 17/01/2008     A-1138-39 1127147 23/02/2023 23/02/2023 Libro impreso